Jóvenes, educación y empleo en América Latina /
Al estudiar el mundo de los adolescentes y jóvenes se comprueba una gran heterogeneidad en su relación con la educación y el trabajo. La educación se vuelve discriminativa para el mercado laboral luego de doce años de educación formal, mostrando que los grupos sociales desfavorecidos presentan 40 po...
Uloženo v:
| Hlavní autor: | |
|---|---|
| Médium: | Text |
| Témata: | |
| Tagy: |
Přidat tag
Žádné tagy, Buďte první, kdo vytvoří štítek k tomuto záznamu!
|
MARC
| LEADER | 00000 a a2200000 04500 | ||
|---|---|---|---|
| 001 | 11728 | ||
| 003 | |||
| 040 | |||
| 100 | |a Abdala, Ernesto | ||
| 245 | |a Jóvenes, educación y empleo en América Latina / |c Ernesto Abdala | ||
| 520 | |a Al estudiar el mundo de los adolescentes y jóvenes se comprueba una gran heterogeneidad en su relación con la educación y el trabajo. La educación se vuelve discriminativa para el mercado laboral luego de doce años de educación formal, mostrando que los grupos sociales desfavorecidos presentan 40 por ciento de repetición y 50 por ciento de estraso escolar. La definición de políticas de Estado en trabajo y educación, la gestión sistematizada y rentable, la adecuación de los contenidos según la integralidad, relevancia ya que la razón de ser de la democracia es el reconocimiento del otro | ||
| 650 | |a JUVENTUD | ||
| 650 | |a EDUCACION | ||
| 650 | |a EMPLEO | ||
| 650 | |a TRABAJADORES JOVENES | ||
| 650 | |a DESEMPLEO JUVENIL | ||
| 650 | |a DESEMPLEO JUVENIL | ||
| 650 | |a DESEMPLEO | ||
| 773 | |g volumen 8, número 33; páginas 223-238 | ||
| 999 | |c 36757 |d 36757 | ||
